[Event "ICS rated blitz match"]
[Site "207.99.83.229"]
[Date "1999.06.21"]
[Round "?"]
[White "j724"]
[Black "Hossa"]
[Result "0-1"]
[WhiteElo "2039"]
[BlackElo "2326"]
[PlyCount "46"]

1. d4 Nf6 2. Nf3 g6 3. Bf4 d6 4. Qc1 Nc6 5. c3 Bf5 6. Bh6 Qd7 7. Bxf8 Rxf8 8.
Nbd2 e5 9. Nh4 exd4 10. g3 O-O-O 11. Bg2 Bh3 12. O-O Rde8 13. Re1 Bxg2 14. Nxg2
Qg4 15. Nf3 dxc3 16. Qxc3 Ne4 17. Qa3 g5 18. Ne3 Qh3 19. Rec1 g4 20. Ne1 Re5
21. Nd3 Ra5 22. Qb3 Rh5 23. Nf1 23... Nd2 {j724 resigns} 0-1

[Event "ICS Rated standard match"]
[Site "207.99.83.229"]
[Date "1999.06.21"]
[Round "?"]
[White "ChessWhiz2"]
[Black "Hossa"]
[Result "0-1"]
[WhiteElo "1819"]
[BlackElo "2197"]
[PlyCount "101"]

1. d4 d5 2. Nf3 Nf6 3. c4 dxc4 4. e3 b5 5. a4 c6 6. b3 cxb3 7. axb5 Be6 8. Nc3
Nd5 9. Bb2 Nxc3 10. Bxc3 f6 11. Nd2 Kf7 12. Nxb3 cxb5 13. Nc5 Qd5 14. Nxe6 Kxe6
15. Qb1 a6 16. e4 Qb7 17. Bc4+ Kd7 18. Bd5 Nc6 19. Qb3 g6 20. Be6+ Ke8 21. O-O
Bg7 22. Rfd1 Kf8 23. Rac1 Bh6 24. Bd2 Bxd2 25. Rxd2 Rd8 26. Qc3 Nb8 27. Re2 Kg7
28. Ree1 Qb6 29. d5 Rhe8 30. e5 b4 31. Qb2 Rf8 32. Rc4 a5 33. exf6+ Rxf6 34.
Bg4 Kf8 35. Re6 Rd6 36. Rc8+ Kf7 37. Qe2 Qa7 38. Re5 h6 39. Re4 Rxd5 40. Bf3
Rc5 41. Rc4 Rxc8 42. Rxc8 Kg7 43. Bd5 e5 44. Rg8+ Kh7 45. Kh1 Qxf2 46. Qxf2
Rxf2 47. Kg1 Rd2 48. Rxb8 Rxd5 49. Kf2 Kg7 50. Rb7+ Kf6 51. Rb6+ {
ChessWhiz2 resigns} 0-1

[Event "ICS Rated standard match"]
[Site "207.99.83.229"]
[Date "1999.06.21"]
[Round "?"]
[White "Hossa"]
[Black "SandmanJr"]
[Result "0-1"]
[WhiteElo "2200"]
[BlackElo "2200"]
[PlyCount "64"]

1. d4 d5 2. c4 e6 3. Nc3 Nf6 4. Bg5 Be7 5. e3 h6 6. Bxf6 Bxf6 7. Qa4+ c6 8.
O-O-O Nd7 9. Nf3 O-O 10. Bd3 b5 11. cxb5 cxb5 12. Bxb5 a6 13. Bc6 Nb6 14. Qb4
Rb8 15. Ba4 Bd7 16. Bxd7 Qxd7 17. Nd2 Rfc8 18. Qa5 e5 19. Nb3 exd4 20. exd4 Na4
21. Qxa6 Nxc3 22. bxc3 Rxc3+ 23. Kb2 Rc4 24. Ka1 Qg4 25. Qd6 Rxb3 26. axb3 Rxd4
27. Rde1 Ra4+ 28. Kb1 Ra1+ 29. Kc2 Qf5+ 30. Re4 Qxe4+ 31. Kd2 Ra2+ 32. Kc1
32... Qc2# {Hossa checkmated} 0-1

[Event "ICS rated blitz match"]
[Site "207.99.83.229"]
[Date "1999.06.21"]
[Round "?"]
[White "Hossa"]
[Black "SandmanJr"]
[Result "0-1"]
[WhiteElo "2331"]
[BlackElo "2200"]
[PlyCount "79"]

1. e4 c5 2. Nf3 d6 3. Bb5+ Bd7 4. Bxd7+ Qxd7 5. O-O e6 6. d4 cxd4 7. Nxd4 Nf6
8. Nc3 Be7 9. Bg5 Nc6 10. Nxc6 bxc6 11. Qf3 O-O 12. Rad1 h6 13. Bf4 Rad8 14. e5
Nd5 15. Ne4 dxe5 16. Bxe5 f6 17. Bc3 f5 18. Ng3 Bd6 19. Rfe1 Nxc3 20. Qxc3 e5
21. Rd2 e4 22. Red1 Qc7 23. Qc4+ Kh8 24. Nf1 Rfe8 25. c3 Rd7 26. Ng3 e3 27.
fxe3 Rxe3 28. Qf1 g6 29. Qc4 Ree7 30. Qh4 Bc5+ 31. Kh1 Rxd2 32. Qxh6+ Rh7 33.
Qxh7+ Kxh7 34. Rxd2 Qe5 35. Rd7+ Kh6 36. Rd1 f4 37. h3 fxg3 38. Ra1 Bf2 39. Rc1
Be1 40. Kg1 {Hossa resigns} 0-1

[Event "ICS rated standard match"]
[Site "207.99.83.229"]
[Date "1999.06.21"]
[Round "?"]
[White "MM3Quick"]
[Black "Hossa"]
[Result "0-1"]
[WhiteElo "2145"]
[BlackElo "2199"]
[PlyCount "32"]

1. e4 e5 2. d3 Nc6 3. c3 d5 4. Qc2 Nf6 5. Nf3 Be6 6. Bg5 Qd7 7. Nbd2 O-O-O 8.
O-O-O Ng4 9. Bh4 Be7 10. Bg3 dxe4 11. dxe4 f5 12. exf5 Bxf5 13. Qa4 e4 14. h3
exf3 15. hxg4 Bxg4 16. Nxf3 16... Bg5+ {MM3Quick resigns} 0-1

[Event "ICS rated blitz match"]
[Site "207.99.83.229"]
[Date "1999.06.21"]
[Round "?"]
[White "champion-10"]
[Black "Hossa"]
[Result "0-1"]
[WhiteElo "1977"]
[BlackElo "2330"]
[PlyCount "26"]

1. e4 e5 2. Nf3 Nc6 3. Bb5 Bc5 4. c3 Nf6 5. d4 exd4 6. cxd4 Bb4+ 7. Bd2 Nxe4 8.
Bxb4 Nxb4 9. O-O O-O 10. Re1 a6 11. Rxe4 axb5 12. Nc3 d5 13. Re3 13... Bf5 {
champion-10 resigns} 0-1

[Event "ICS rated blitz match"]
[Site "207.99.83.229"]
[Date "1999.06.21"]
[Round "?"]
[White "BustaRhymes"]
[Black "Hossa"]
[Result "0-1"]
[WhiteElo "2178"]
[BlackElo "2334"]
[PlyCount "84"]

1. d4 d5 2. c4 e6 3. Nc3 Nf6 4. e3 Be7 5. Bd3 dxc4 6. Bxc4 O-O 7. Nge2 Nc6 8.
O-O Qd6 9. e4 Ng4 10. Bf4 e5 11. Nb5 Qb4 12. Nxc7 Rb8 13. Nd5 Qxc4 14. Rc1 Qxa2
15. Nxe7+ Nxe7 16. dxe5 Qxb2 17. e6 Ra8 18. exf7+ Rxf7 19. Qd8+ Rf8 20. Qxe7
Qxe2 21. Bd6 Bf5 22. exf5 Qxe7 23. Bxe7 Rxf5 24. f3 Ne3 25. Rfe1 Nd5 26. Bc5
Nf4 27. Rcd1 Rxc5 28. Rd7 b5 29. Ree7 Rg5 30. g3 a5 31. Kf2 Nd5 32. Rxg7+ Rxg7
33. Rxd5 b4 34. Rc5 a4 35. Rb5 a3 36. Ke2 a2 37. Rxb4 a1=Q 38. Kf2 Ra2+ 39. Ke3
Qc3+ 40. Kf4 Qxb4+ 41. Kf5 Re2 42. f4 42... Qf8# {BustaRhymes checkmated} 0-1

[Event "ICS rated blitz match"]
[Site "207.99.83.229"]
[Date "1999.06.21"]
[Round "?"]
[White "Hossa"]
[Black "BustaRhymes"]
[Result "1-0"]
[WhiteElo "2335"]
[BlackElo "2100"]
[PlyCount "89"]

1. e4 c5 2. Nf3 d6 3. d4 cxd4 4. Nxd4 a6 5. Bd3 e5 6. Nf3 Nf6 7. Bg5 Be7 8. O-O
O-O 9. c4 Nbd7 10. Nc3 Nc5 11. b4 Nxd3 12. Qxd3 Be6 13. Bxf6 Bxf6 14. Nd5 Bxd5
15. Qxd5 Rc8 16. Rac1 Qc7 17. Rfd1 Be7 18. Rc2 Qb6 19. a3 Rfd8 20. Rcd2 a5 21.
c5 dxc5 22. Qxe5 Rxd2 23. Nxd2 Bd6 24. Nc4 Bxe5 25. Nxb6 Re8 26. bxc5 h6 27.
Nc4 Bf6 28. Nxa5 Rxe4 29. Nxb7 Ra4 30. Rd3 Rc4 31. Kf1 Bb2 32. Ke2 Rc2+ 33. Ke1
Bf6 34. a4 Be7 35. Rd5 Rc4 36. a5 Bf6 37. Kd2 Bc3+ 38. Kd3 Rb4 39. c6 Rb6 40.
axb6 Be1 41. c7 Bxf2 42. c8=Q+ Kh7 43. Qf5+ g6 44. Qxf7+ Kh8 45. Rd8# {
BustaRhymes checkmated} 1-0

[Event "ICS rated blitz match"]
[Site "207.99.83.229"]
[Date "1999.06.21"]
[Round "?"]
[White "BustaRhymes"]
[Black "Hossa"]
[Result "0-1"]
[WhiteElo "2062"]
[BlackElo "2336"]
[PlyCount "54"]

1. d4 d5 2. c4 e6 3. e3 Nf6 4. Nc3 Be7 5. cxd5 Nxd5 6. e4 Nxc3 7. bxc3 O-O 8.
Bd3 c5 9. Ne2 cxd4 10. cxd4 Nc6 11. Be3 Qa5+ 12. Qd2 Bb4 13. O-O Bxd2 14. Bxd2
Qxd2 15. Bb5 Nxd4 16. Nxd4 Qxd4 17. Rfe1 Rd8 18. h3 Qd2 19. Re2 Qb4 20. a4 a6
21. Raa2 axb5 22. Reb2 Rd1+ 23. Kh2 Qd6+ 24. g3 bxa4 25. Rc2 Qd3 26. Re2 Qf3
27. g4 27... Rh1# {BustaRhymes checkmated} 0-1

[Event "ICS Rated standard match"]
[Site "207.99.83.229"]
[Date "1999.06.21"]
[Round "?"]
[White "RedBear"]
[Black "Hossa"]
[Result "1-0"]
[WhiteElo "2398"]
[BlackElo "2211"]
[PlyCount "85"]

1. e4 e5 2. Nf3 Nc6 3. Bb5 Bc5 4. c3 Nf6 5. O-O O-O 6. d4 exd4 7. cxd4 Bb6 8.
d5 Ne7 9. d6 cxd6 10. Nc3 Ba5 11. Bf4 Bxc3 12. bxc3 Nxe4 13. Bxd6 Nxc3 14. Qe1
Ncd5 15. Qe5 Re8 16. Rfe1 f6 17. Qd4 Nc7 18. Bd3 Ne6 19. Qh4 h6 20. Bxe7 Rxe7
21. Qe4 f5 22. Qxf5 Nf8 23. Qd5+ Kh8 24. Rxe7 Qxe7 25. Ne5 Qe6 26. Qf3 Qe7 27.
Re1 Kg8 28. Bc4+ Ne6 29. Qe4 Qf6 30. Ng4 Qg5 31. Re3 Qh5 32. Rf3 Qg5 33. h4 d5
34. Bxd5 Qc1+ 35. Kh2 Qc7+ 36. g3 Kh8 37. Qg6 Qd8 38. Be4 Qg8 39. Nxh6 Ng5 40.
hxg5 Bf5 41. Bxf5 a6 42. Nf7+ Qxf7 43. Qh7# {Hossa checkmated} 1-0

[Event "ICS rated standard match"]
[Site "207.99.83.229"]
[Date "1999.06.21"]
[Round "?"]
[White "Hossa"]
[Black "MRMassey"]
[Result "0-1"]
[WhiteElo "2203"]
[BlackElo "2456"]
[PlyCount "42"]

1. e4 e5 2. Nf3 Nc6 3. Bb5 a6 4. Bxc6 dxc6 5. O-O Bg4 6. h3 h5 7. d3 Nf6 8.
hxg4 hxg4 9. Nxe5 Nd7 10. Nxg4 Qh4 11. f3 Bd6 12. f4 O-O-O 13. Be3 Rdg8 14. e5
f5 15. Re1 fxg4 16. exd6 Re8 17. Qc1 g3 18. Kf1 Qg4 19. Kg1 Rh2 20. a3 Qh5 21.
Ba7 21... Rh1# {Hossa checkmated} 0-1

[Event "ICS Rated blitz match"]
[Site "207.99.83.229"]
[Date "1999.06.22"]
[Round "?"]
[White "krkmus"]
[Black "Hossa"]
[Result "0-1"]
[WhiteElo "2191"]
[BlackElo "2340"]
[PlyCount "144"]

1. e4 c5 2. Nf3 Nc6 3. d4 cxd4 4. Nxd4 g6 5. Nc3 Bg7 6. Be3 Nf6 7. Bc4 Qa5 8.
O-O O-O 9. Nb3 Qd8 10. Kh1 d6 11. Be2 Ne5 12. h3 Be6 13. Nd2 Qd7 14. f4 Nc6 15.
g4 Qe8 16. f5 Bc8 17. Nf3 Nd7 18. Qd2 Nc5 19. Bh6 Kh8 20. Bxg7+ Kxg7 21. Nd5
Qd8 22. b4 Nxe4 23. Qf4 e6 24. fxe6 fxe6 25. Qxe4 exd5 26. Qxd5 Qe7 27. Rae1
Qe6 28. Qxe6 Bxe6 29. a3 Rae8 30. Bb5 Bd5 31. Rxe8 Rxe8 32. Kg1 Re3 33. Bxc6
bxc6 34. Ng5 h6 35. Kf2 Rxa3 36. Re1 hxg5 37. Re7+ Kh6 38. Rc7 Rxh3 39. Rxa7
Rf3+ 40. Ke2 Rf4 41. Rd7 Rxb4 42. Rxd6 Rxg4 43. Kd3 Be4+ 44. Ke3 c5 45. Ra6
Bxc2 46. Ra5 c4 47. Rc5 Bb3 48. Kf3 Bd1+ 49. Ke3 c3 50. Kf2 Rf4+ 51. Ke3 c2 52.
Kd2 Rb4 53. Rc8 Rb1 54. Rh8+ Kg7 55. Rc8 c1=Q+ 56. Rxc1 Rxc1 57. Kxc1 g4 58.
Kd2 g3 59. Ke1 g2 60. Kf2 g1=Q+ 61. Kxg1 Kf6 62. Kf2 Ke5 63. Ke1 Bf3 64. Kf2
Kf4 65. Kg1 g5 66. Kf2 g4 67. Kg1 g3 68. Kf1 g2+ 69. Ke1 g1=Q+ 70. Kd2 Qc5 71.
Ke1 Ke3 72. Kf1 72... Qc1# {krkmus checkmated} 0-1

[Event "ICS rated blitz match"]
[Site "207.99.83.229"]
[Date "1999.06.22"]
[Round "?"]
[White "Hossa"]
[Black "Talmoves"]
[Result "0-1"]
[WhiteElo "2353"]
[BlackElo "2474"]
[PlyCount "83"]

1. e4 c5 2. Nf3 e6 3. d4 cxd4 4. Nxd4 Nf6 5. Nc3 d6 6. Be2 Be7 7. O-O a6 8. Qd3
O-O 9. Qg3 Kh8 10. Bg5 e5 11. Nf3 Be6 12. Rad1 Qb6 13. Rb1 Nc6 14. a3 Rfc8 15.
Rfd1 Nd4 16. Nxd4 exd4 17. Na4 Qa7 18. Bxf6 Bxf6 19. c4 b5 20. cxb5 axb5 21.
Bxb5 Rab8 22. Qd3 Qa5 23. Ba6 Rc6 24. Nc3 dxc3 25. bxc3 Rd8 26. Bb5 Rxc3 27.
Qf1 Rxa3 28. Bc6 Qe5 29. Rb5 Qf4 30. Rb7 Be5 31. g3 Qf3 32. Re1 Rc8 33. Bd7
Rca8 34. Bc6 h6 35. Re7 Rb8 36. Rc1 Ra2 37. Qg2 Qxg2+ 38. Kxg2 Rbb2 39. Kg1
Rxf2 40. Re8+ Kh7 41. Ra8 Rg2+ 42. Kf1 {Hossa resigns} 0-1

[Event "ICS rated blitz match"]
[Site "207.99.83.229"]
[Date "1999.06.22"]
[Round "?"]
[White "Talmoves"]
[Black "Hossa"]
[Result "1-0"]
[WhiteElo "2485"]
[BlackElo "2342"]
[PlyCount "144"]

1. e4 e5 2. Nf3 Nc6 3. Bb5 a6 4. Ba4 Nf6 5. O-O Be7 6. Re1 b5 7. Bb3 O-O 8. c3
d6 9. h3 Bb7 10. d4 Re8 11. Nbd2 Bc8 12. a4 Bd7 13. axb5 axb5 14. Rxa8 Qxa8 15.
Nf1 Qa1 16. Ng5 Rf8 17. Ng3 b4 18. dxe5 Nxe5 19. f4 Nc6 20. e5 Ne8 21. Nxf7
Rxf7 22. e6 Bxe6 23. Bxe6 Nf6 24. Nf5 d5 25. Bxd5 Nxd5 26. Qxd5 bxc3 27. Qxc6
Rxf5 28. Qc4+ Kh8 29. Qxc3 Qa7+ 30. Be3 Qb8 31. Bd4 Bf8 32. Rf1 Rf7 33. Qc4 Rd7
34. Re1 Qd8 35. Bc3 Rd1 36. Rxd1 Qxd1+ 37. Kf2 Qd7 38. Kf3 c5 39. Kf2 h5 40.
Qe2 Qf7 41. Qe5 h4 42. Qg5 Be7 43. Qg4 Kh7 44. Ke3 Kg8 45. Be5 Bd8 46. Ke2 Qc4+
47. Kf2 Qf7 48. f5 Bf6 49. Qe4 Qe7 50. Qc4+ Kh8 51. Qe6 Qd8 52. Bxf6 gxf6 53.
Qe3 Kg7 54. g4 Qd6 55. Ke1 Kf7 56. b3 Qd5 57. Kf2 Qd4 58. Qxd4 cxd4 59. Ke2 Ke8
60. Kd3 Kd7 61. b4 Kd6 62. b5 Kd7 63. b6 Kc6 64. g5 fxg5 65. f6 g4 66. hxg4 Kd6
67. b7 Ke6 68. g5 Kf5 69. f7 Kg4 70. b8=Q Kf5 71. Qe8 Kf4 72. Qe4+ 72... Kxg5 {
Hossa resigns} 1-0

[Event "ICS Rated standard match"]
[Site "207.99.83.229"]
[Date "1999.06.22"]
[Round "?"]
[White "SandmanJr"]
[Black "Hossa"]
[Result "1-0"]
[WhiteElo "2457"]
[BlackElo "2203"]
[PlyCount "51"]

1. e4 e5 2. f4 exf4 3. Nf3 g5 4. h4 g4 5. Ne5 d6 6. Nxg4 Bg7 7. Qf3 f5 8. exf5
Bxf5 9. Ne3 Qe7 10. Be2 Be4 11. Qxf4 Bh6 12. Qg4 Bxe3 13. Qc8+ Qd8 14. Bh5+ Ke7
15. Qg4 Nf6 16. Qg7+ Ke6 17. Rf1 Bd4 18. Qf7+ Ke5 19. d3 Be3 20. Bxe3 Bxd3 21.
cxd3 d5 22. Bc5 d4 23. Nd2 b5 24. O-O-O Nbd7 25. Rde1+ Ne4 26. Rxe4# {
Hossa checkmated} 1-0

[Event "ICS rated standard match"]
[Site "207.99.83.229"]
[Date "1999.06.22"]
[Round "?"]
[White "Mensa-nger"]
[Black "Hossa"]
[Result "0-1"]
[WhiteElo "1854"]
[BlackElo "2202"]
[PlyCount "42"]

1. d4 d5 2. c4 e6 3. Nc3 Nf6 4. Nf3 Be7 5. Qc2 Nc6 6. a3 dxc4 7. e3 Na5 8. Qa4+
c6 9. Bxc4 b5 10. Nxb5 Nxc4 11. Qxc4 cxb5 12. Qxb5+ Bd7 13. Qd3 Rb8 14. a4 Qa5+
15. Bd2 Qh5 16. O-O Rxb2 17. Qa6 O-O 18. Qxa7 Bc6 19. Qxe7 Bxf3 20. Bb4 Re8 21.
Qc5 21... Qg4 {Mensa-nger resigns} 0-1

[Event "ICS rated blitz match"]
[Site "207.99.83.229"]
[Date "1999.06.22"]
[Round "?"]
[White "Hossa"]
[Black "nluis"]
[Result "1/2-1/2"]
[WhiteElo "2332"]
[BlackElo "2405"]
[PlyCount "115"]

1. e4 c5 2. Nc3 Nc6 3. Bb5 Nd4 4. Bc4 g6 5. Nge2 Bg7 6. O-O e6 7. Nxd4 cxd4 8.
Nb5 d5 9. exd5 exd5 10. Bxd5 Ne7 11. Be4 a6 12. Na3 O-O 13. d3 f5 14. Bf3 Qc7
15. Re1 Be5 16. Bh6 Bxh2+ 17. Kh1 Rd8 18. g3 Bxg3 19. Rxe7 Qxe7 20. fxg3 Be6
21. Nc4 Re8 22. Qg1 Rad8 23. Qg2 b5 24. Ne5 Qf6 25. Nc6 g5 26. Bxg5 Qxg5 27.
Nxd8 Rxd8 28. Re1 Bxa2 29. b3 f4 30. gxf4 Qxg2+ 31. Kxg2 Rc8 32. Bd5+ Kf8 33.
Rc1 a5 34. Be6 Rc3 35. f5 a4 36. bxa4 Bxe6 37. fxe6 bxa4 38. Ra1 a3 39. Kf3 Ke7
40. Ke4 h5 41. Ra2 Kxe6 42. Kxd4 Rc6 43. c4 Ra6 44. Kc5 h4 45. d4 h3 46. Kb5
Ra8 47. d5+ Kd6 48. c5+ Kxd5 49. c6 h2 50. Rd2+ Ke4 51. Rxh2 a2 52. Rxa2 Rxa2
53. c7 Rc2 54. Kb6 Kd5 55. Kb7 Rb2+ 56. Ka7 Rc2 57. Kb7 Rxc7+ 58. Kxc7 {
Game drawn because neither player has mating material} 1/2-1/2

[Event "ICS Rated standard match"]
[Site "207.99.83.229"]
[Date "1999.06.22"]
[Round "?"]
[White "Thaggins"]
[Black "Hossa"]
[Result "0-1"]
[WhiteElo "1846"]
[BlackElo "2206"]
[PlyCount "74"]

1. e4 e5 2. Nf3 Nc6 3. Bb5 a6 4. Bxc6 dxc6 5. Nc3 f6 6. Nh4 Be6 7. O-O Qd7 8.
d3 O-O-O 9. a3 g5 10. Nf3 h5 11. Be3 h4 12. b4 h3 13. g3 Qf7 14. Na4 g4 15. Nd2
b6 16. f3 gxf3 17. Nxf3 Qg6 18. Rf2 Nh6 19. Nh4 Qf7 20. Bxh6 Rxh6 21. Nf3 Qg7
22. Qf1 Bd6 23. c4 Be7 24. c5 b5 25. Nc3 f5 26. exf5 Bxf5 27. Ne4 Bg4 28. a4
Rg6 29. axb5 cxb5 30. Rfa2 Rf8 31. Ned2 Bg5 32. Rxa6 Be3+ 33. Kh1 Rxa6 34. Rxa6
Rxf3 35. Nxf3 Qf7 36. c6 Bxf3+ 37. Qxf3 37... Qxf3# {Thaggins checkmated} 0-1

[Event "ICS rated standard match"]
[Site "207.99.83.229"]
[Date "1999.06.22"]
[Round "?"]
[White "Hossa"]
[Black "SandmanJr"]
[Result "0-1"]
[WhiteElo "2210"]
[BlackElo "2569"]
[PlyCount "52"]

1. e4 Nc6 2. Nf3 e5 3. Bb5 g6 4. Bxc6 dxc6 5. O-O Bg7 6. d3 Ne7 7. Bg5 O-O 8.
Qd2 Bg4 9. Nh4 f6 10. Bh6 g5 11. Bxg7 Kxg7 12. Nf3 Bxf3 13. gxf3 Ng6 14. Qb4
Qd6 15. Qxb7 Rfb8 16. Qa6 Rxb2 17. Qa4 Nf4 18. Nd2 Qd7 19. Kh1 Rab8 20. Qxa7
Qh3 21. Rg1 Rb1 22. Qxc7+ Kh6 23. Raxb1 Rxb1 24. Qg7+ Kxg7 25. Nxb1 Qxf3+ 26.
Rg2 26... Qxg2# {Hossa checkmated} 0-1

[Event "ICS Rated standard match"]
[Site "207.99.83.229"]
[Date "1999.06.22"]
[Round "?"]
[White "Hossa"]
[Black "MikeCantrell"]
[Result "0-1"]
[WhiteElo "2209"]
[BlackElo "2412"]
[PlyCount "101"]

1. e4 c5 2. Nc3 Nc6 3. g3 g6 4. Bg2 Bg7 5. d3 e6 6. Nf3 d6 7. Bg5 Nge7 8. Qd2
h6 9. Be3 g5 10. h4 g4 11. Nh2 h5 12. O-O-O Qa5 13. Kb1 Bd7 14. f3 f5 15. Bg5
d5 16. fxg4 d4 17. Ne2 Qxd2 18. Rxd2 fxg4 19. Rf1 Bh6 20. Rf6 Bxg5 21. hxg5 Ne5
22. Nf4 Ng8 23. Nxe6 Nxf6 24. Nc7+ Kd8 25. Nxa8 Ne8 26. c3 Bc6 27. cxd4 cxd4
28. Rf2 Ng7 29. Rc2 Kd7 30. Bf1 Rxa8 31. Rc5 Kd6 32. Rc2 Ne6 33. g6 Bb5 34. Rf2
h4 35. Rg2 h3 36. Rd2 Rg8 37. b3 Rxg6 38. a4 Bd7 39. Ka2 Rf6 40. Kb2 Ng7 41.
Kc2 Nh5 42. Be2 Nxg3 43. Bd1 Nf1 44. Nxf1 Rxf1 45. Be2 Rf2 46. Kb1 g3 47. a5 g2
48. Rd1 Rxe2 49. a6 bxa6 50. Re1 Rxe1+ 51. Kb2 {Hossa resigns} 0-1

[Event "ICS rated blitz match"]
[Site "207.99.83.229"]
[Date "1999.06.22"]
[Round "?"]
[White "ChessSystemTal"]
[Black "Hossa"]
[Result "1-0"]
[WhiteElo "2417"]
[BlackElo "2335"]
[PlyCount "149"]

1. e4 e5 2. Nf3 Nc6 3. Bb5 a6 4. Ba4 Nf6 5. O-O Be7 6. Re1 b5 7. Bb3 O-O 8. c3
d5 9. exd5 Nxd5 10. Nxe5 Nxe5 11. Rxe5 c6 12. d4 Bd6 13. Re1 Qh4 14. g3 Qh3 15.
Be3 Bg4 16. Qd3 Rae8 17. Nd2 Re6 18. a4 Nxe3 19. Rxe3 Rh6 20. Nf1 Bf5 21. Qe2
Bg4 22. f3 Bd7 23. axb5 axb5 24. Qg2 Qxg2+ 25. Kxg2 Bh3+ 26. Kg1 c5 27. f4 Rd8
28. Re4 c4 29. Bc2 Bf5 30. Re2 Bh3 31. Ra7 Re6 32. Rxe6 fxe6 33. Ne3 g6 34. Be4
Rb8 35. Bc6 Rb6 36. Bd7 g5 37. fxg5 Be7 38. Ra5 Bxg5 39. Nxc4 bxc4 40. Rxg5+
Kf7 41. Rb5 Ra6 42. Rb7 Ra1+ 43. Kf2 Kf6 44. Bb5 Rh1 45. Bxc4 Rxh2+ 46. Ke3 Bg4
47. Bf1 h5 48. b4 Rc2 49. Rc7 Kg5 50. b5 Rc1 51. Bd3 Re1+ 52. Kf2 Rd1 53. Be4
Rd2+ 54. Ke3 Re2+ 55. Kd3 Rb2 56. Rc5+ Kf6 57. Bc6 Rb1 58. Re5 Rb2 59. Kc4 Kf7
60. Kc5 Ke7 61. Re3 Rf2 62. c4 Kf6 63. b6 Kg7 64. Kd6 Rf6 65. b7 Rf8 66. c5 Kg6
67. Kc7 Kg5 68. Bd7 Bf5 69. Rxe6 Bxe6 70. Bxe6 Rf6 71. d5 Rf3 72. b8=Q Rf6 73.
Qd8 Kg6 74. Qg8+ Kh6 75. d6 {Hossa resigns} 1-0

[Event "ICS Rated blitz match"]
[Site "207.99.83.229"]
[Date "1999.06.22"]
[Round "?"]
[White "Amateur"]
[Black "Hossa"]
[Result "0-1"]
[WhiteElo "2519"]
[BlackElo "2330"]
[PlyCount "138"]

1. e4 Nc6 2. d4 e5 3. d5 Nce7 4. Nf3 Ng6 5. Bd3 Nf6 6. O-O Be7 7. Nc3 O-O 8.
Be3 Ng4 9. Qe2 d6 10. Bd2 Nh4 11. Nxh4 Bxh4 12. f3 Nh6 13. Bxh6 gxh6 14. Rad1
Bg5 15. Qf2 Qe7 16. Kh1 a5 17. Ne2 f5 18. c3 fxe4 19. Bxe4 Kh8 20. Rg1 Bh4 21.
Qe3 Bg5 22. Qd3 Bd7 23. c4 Rf7 24. Qa3 a4 25. Bc2 Qf6 26. Rgf1 Qd8 27. Nc3 Qe8
28. c5 Qe7 29. Qb4 Bc8 30. Nxa4 dxc5 31. Qc4 Rf4 32. Be4 b5 33. Qxc5 Rxa4 34.
d6 Qg7 35. dxc7 Rf8 36. a3 Rc4 37. Qxb5 Rxc7 38. Rd6 Rd7 39. Rfd1 Rxd6 40. Rxd6
Be7 41. Rd1 Rg8 42. Qf1 Qf6 43. b4 Rg7 44. Rc1 Bd7 45. Rc7 Bd6 46. Ra7 Bf8 47.
Ra8 Be6 48. a4 Rd7 49. b5 Bc4 50. Qg1 Bg8 51. Rc8 Bb3 52. Bc2 Bd5 53. a5 Bb7
54. Rc4 Qf7 55. Qf1 e4 56. f4 Rd2 57. a6 Bd5 58. Rc8 e3 59. Bb3 Bxb3 60. a7 e2
61. Qa1+ Kg8 62. Qe1 Rd1 63. Rc1 Qxa7 64. Rxd1 exd1=Q 65. Qxd1 Bxd1 66. b6 Qxb6
67. h3 Qf2 68. Kh2 Bf3 69. f5 69... Qxg2# {Amateur checkmated} 0-1

[Event "ICS Rated standard match"]
[Site "207.99.83.229"]
[Date "1999.06.22"]
[Round "?"]
[White "MikeCantrell"]
[Black "Hossa"]
[Result "1-0"]
[WhiteElo "2482"]
[BlackElo "2208"]
[PlyCount "64"]

1. c4 Nf6 2. Nc3 d6 3. d4 e5 4. e3 Be7 5. Nf3 O-O 6. Bd3 Nc6 7. O-O Bg4 8. h3
Bh5 9. d5 Nb4 10. Bf5 a5 11. Bd2 Na6 12. a3 Nc5 13. b4 axb4 14. axb4 Rxa1 15.
Qxa1 Nb3 16. Qb2 Nxd2 17. Nxd2 c6 18. Ra1 Qb6 19. Qa3 cxd5 20. g4 Bg6 21. Bxg6
fxg6 22. g5 Nd7 23. Nxd5 Qd8 24. Qa7 b6 25. h4 Kh8 26. Ne4 Re8 27. Qb7 Bf8 28.
Ra7 b5 29. cxb5 Qc8 30. Qxc8 Rxc8 31. Rxd7 Kg8 32. b6 32... Ra8 {Hossa resigns}
1-0

[Event "ICS rated blitz match"]
[Site "207.99.83.229"]
[Date "1999.06.22"]
[Round "?"]
[White "Hossa"]
[Black "Beadle"]
[Result "0-1"]
[WhiteElo "2354"]
[BlackElo "2524"]
[PlyCount "97"]

1. d4 Nf6 2. c4 e6 3. Nf3 b6 4. g3 Bb7 5. Bg2 Be7 6. O-O O-O 7. Nc3 Bb4 8. Bg5
Bxc3 9. bxc3 d6 10. Qd3 Nbd7 11. Rae1 Be4 12. Qe3 Qc8 13. Bh3 Qa6 14. Nd2 Bc6
15. Ra1 b5 16. cxb5 Qxb5 17. c4 Qa5 18. a3 Rab8 19. Rab1 Rb6 20. c5 Nd5 21. Nc4
Rxb1 22. Rxb1 Qa6 23. Qd3 Bb5 24. Rc1 dxc5 25. a4 Qxa4 26. e3 N7b6 27. Qa3 h6
28. Bh4 cxd4 29. Qxa4 Nxa4 30. Na3 c6 31. Nxb5 cxb5 32. g4 d3 33. Bf1 Nb2 34.
Ra1 d2 35. Be2 Nc3 36. Bf3 Nc4 37. Be7 Rc8 38. h3 Ne5 39. Kg2 Nxf3 40. Kxf3 a5
41. g5 hxg5 42. Bxg5 b4 43. Rf1 b3 44. Bf4 b2 45. Be5 b1=Q 46. Rxb1 Nxb1 47.
Ke2 Rc1 48. Kf3 d1=Q+ 49. Kf4 {Hossa resigns} 0-1

[Event "ICS Rated blitz match"]
[Site "207.99.83.229"]
[Date "1999.06.22"]
[Round "?"]
[White "Hossa"]
[Black "Beadle"]
[Result "0-1"]
[WhiteElo "2345"]
[BlackElo "2515"]
[PlyCount "137"]

1. d4 Nf6 2. c4 e6 3. Nf3 b6 4. g3 Bb7 5. Bg2 Be7 6. Nc3 Bb4 7. Bg5 h6 8. Bxf6
Qxf6 9. O-O Bxc3 10. bxc3 d6 11. Qa4+ Bc6 12. Qc2 O-O 13. e4 e5 14. Rae1 Bd7
15. Qd3 Nc6 16. Re2 exd4 17. cxd4 Bg4 18. Rd2 Rae8 19. a3 Kh8 20. Rdd1 Bxf3 21.
Qxf3 Nxd4 22. Qxf6 Ne2+ 23. Kh1 gxf6 24. Rd3 f5 25. Rfd1 c5 26. Rxd6 Nc3 27.
R1d3 Nxe4 28. Bxe4 fxe4 29. Rxh6+ Kg7 30. Rdd6 Re5 31. Rh4 Rfe8 32. Rg4+ Kf8
33. Rd7 R5e7 34. Rxe7 Rxe7 35. a4 e3 36. fxe3 Rxe3 37. a5 Re1+ 38. Kg2 Re2+ 39.
Kh3 Ke7 40. axb6 axb6 41. Rf4 Rc2 42. Re4+ Kf6 43. g4 Kg5 44. Re5+ Kg6 45. Re4
f5 46. gxf5+ Kxf5 47. Rh4 Rc1 48. Kg3 Rc3+ 49. Kg2 Kg5 50. Re4 Rc2+ 51. Kg1 Kf5
52. Rh4 Rd2 53. Rh3 Kf4 54. Rh7 Rc2 55. Rh6 Rb2 56. Rf6+ Ke5 57. Rf2 Rb4 58.
Rc2 Kd4 59. Rc1 Rxc4 60. Rxc4+ Kxc4 61. Kf2 Kb3 62. h4 c4 63. Ke2 c3 64. Kd1
Kb2 65. Ke2 c2 66. Ke3 c1=Q+ 67. Kf3 Qd1+ 68. Kf2 Qd3 69. Kg2 {Hossa resigns}
0-1

[Event "ICS Rated blitz match"]
[Site "207.99.83.229"]
[Date "1999.06.22"]
[Round "?"]
[White "Beadle"]
[Black "Hossa"]
[Result "1-0"]
[WhiteElo "2524"]
[BlackElo "2336"]
[PlyCount "146"]

1. e4 Nc6 2. Nf3 e5 3. d4 exd4 4. Nxd4 Qh4 5. Qd3 Bc5 6. Be3 Bxd4 7. Bxd4 Nxd4
8. Qxd4 Nf6 9. Nc3 O-O 10. g3 Qg5 11. e5 Qg4 12. f4 Qf3 13. Qg1 Ng4 14. Be2 Qe3
15. Nd5 Qe4 16. Nxc7 Rb8 17. Kd2 d6 18. exd6 Qb4+ 19. Kc1 Qxd6 20. Nb5 Qd5 21.
c4 Qe4 22. Nc3 Qe3+ 23. Qxe3 Nxe3 24. Kd2 Re8 25. Bd3 Bf5 26. Rae1 Bxd3 27.
Kxd3 Rbd8+ 28. Nd5 Ng4 29. Re2 Re6 30. Rhe1 Nf6 31. Rxe6 fxe6 32. Rxe6 Nxd5 33.
cxd5 Rxd5+ 34. Kc4 Rd2 35. Kc3 Rxh2 36. a3 Kf7 37. Re5 Rh6 38. Rb5 b6 39. Rf5+
Ke7 40. g4 Rg6 41. Re5+ Kf7 42. g5 Rc6+ 43. Kd3 Rc1 44. b3 Rf1 45. Re4 Rf3+ 46.
Kc2 a5 47. a4 Kg6 48. Re6+ Kf5 49. Rxb6 Rf2+ 50. Kc3 Rf3+ 51. Kb2 Ke4 52. Rb7
Rxf4 53. Rxg7 Rg4 54. Kc3 Ke3 55. Rxh7 Rxg5 56. Re7+ Kf2 57. Rb7 Rg6 58. b4
axb4+ 59. Kxb4 Ke3 60. a5 Kd3 61. Rb6 Rg1 62. a6 Kc2 63. Rc6+ Kb2 64. a7 Ra1
65. Rc7 Ra6 66. Kb5 Ra3 67. Rf7 Ka1 68. Kb6 Ka2 69. Rf5 Kb2 70. Ra5 Rf3 71.
a8=Q Rf6+ 72. Kc5 Rf5+ 73. Kc4 73... Rf4+ {Hossa resigns} 1-0